000 00843nam a2200241Ia 4500
003 GCL
008 140319s9999 xx 000 0 ara d
040 _aGCL /
_cGCL
082 0 4 _a956.903
_bم ف
100 1 _aمؤسسة الدراسات الفلسطينية
245 1 0 _aفلسطين تاريخها وقضيتها المرحلة الثانوية /
_cمؤسسة الدراسات الفلسطينية
260 _a[S.N] :
_bمؤسسة الدراسات الفلسطينية ،
_c1983
300 _a232 ص
490 _a
650 0 4 _aتاريخ
650 0 4 _aفلسطين
650 0 4 _aالقضية الفلسطينية
650 0 4 _aالاحتلال الصهيونى
650 0 4 _aالامبراطورية العثمانية
650 0 4 _aوعد بلفور
650 0 4 _aالاحتلال البريطانى
942 _2ddc
_cBK
999 _c31998
_d31998